| 000 | 00982ngm a2200217 a 4500 | ||
|---|---|---|---|
| 005 | 20240806063832.0 | ||
| 008 | 991125s1980 mx 026 d daspa u | ||
| 035 | _aUPN01000002370 | ||
| 049 | _aAV | ||
| 050 | 4 | _aPVI P 0512 | |
| 245 | 0 | 4 |
_aLos libros tienen la palabra, 12 : _bAmado Nervo. |
| 260 |
_a[México] : _bUTEC, _c[198-]. |
||
| 300 |
_a1 Videocasete (VHS) (26 min.) : _bson., col. |
||
| 520 | _aNervo escribe sus primeros versos en 1894 y se publican en la Revista Azul, en 1896 su primera novela "El bachiller", después "Perlas Negras" y "Místicas" Se va a Francia y España como correponsal, muere en Montevideo y sus restos son traídos a México y son colocados en la Rotonda de los Hombres Ilustres | ||
| 500 | _aIncluye algunas escenas en blanco y negro | ||
| 501 | _aCon: José Revueltas -- Agustín Yáñez -- Efraín Huerta | ||
| 600 | 1 | 4 |
_aNERVO, AMADO, _d1870-1919 |
| 650 | 4 |
_aLiteratura mexicana _94466 |
|
| 740 | 0 | _aAmado Nervo | |
| 905 | _aAudiovisuales | ||
| 999 |
_c2370 _d2370 |
||